000 00501nam a22001697a 4500
005 20260310152125.0
008 260309b |||||||| |||| 00| 0 eng d
020 _a978-81-7622-399-7
041 _aeng
082 _a634 KUR-P
100 _aKUREEL, M.K & MANDLOI, D.S. , SINGH, K.V AND LEKHI, RAJESH
_98880
245 _aPOST HARVEST MANAGEMENT AND VALUE ADDITION OF FRUITS AND VEGETABLES
260 _aNEW DELHI
_bBIOTECH BOOKS
_c2020
300 _a165;P
650 _aAGRICULTURE
942 _cBK
999 _c9055
_d9053